000 00624nam a2200229Ia 4500
003 OSt
005 20220928104820.0
006 a|||||r|||| 00| 0
007 ta
008 220927b |||||||| |||| 00| 0 eng d
024 _a35282
037 _cTextual
040 _aSDCL
_cSDCL
_beng
041 _2eng
_aeng
082 _aT4:8.2'N8, N0
100 _aVerma Yoginder S
_9412280
245 0 _aUniversity management and administration.
260 _aNew Delhi
_bDeep & Deep Publication
_c1990
300 _a308p.
_ccm.
942 _hT4:8.2'N8, N0
_cTEXL
_2CC
999 _c727999
_d727999